Primero Aprendo, proyecto educativo para la niñez trabajado/ La Calidad Educativa La calidad educativa y su efecto en la retención escolar de los niños trabajadores beneficiarios en los proyectos piloto (Record no. 9727)

MARC details
000 -LEADER
campo de control de longitud fija 00536nam a2200145Ia 4500
001 - NÚMERO DE CONTROL
campo de control 599
008 - DATOS DE LONGITUD FIJA--INFORMACIÓN GENERAL
campo de control de longitud fija 241024s9999 xx 000 0 und d
082 ## - NÚMERO DE LA CLASIFICACIÓN DECIMAL DEWEY
Número de clasificación RD/331.33/S693c
100 ## - ENTRADA PRINCIPAL--NOMBRE DE PERSONA
Nombre de persona Myrna Somarriba
245 #0 - MENCIÓN DEL TÍTULO
Título Primero Aprendo, proyecto educativo para la niñez trabajado/ La Calidad Educativa La calidad educativa y su efecto en la retención escolar de los niños trabajadores beneficiarios en los proyectos piloto
260 ## - PUBLICACIÓN, DISTRIBUCIÓN, ETC.
Nombre del editor, distribuidor, etc. Managua, Nicaragua/EMCOR
Fecha de publicación, distribución, etc. 2008
590 ## - NOTA LOCAL (RLIN)
Nota local si
901 ## - ELEMENTOS DE DATOS A LOCAL LDA (RLIN)
a 18/11/2010 11:22:18 a.m.

No items available.

© 2024. Todos los Derechos Reservados. Desarrollado por IDEICE